Gminy powiatu bialskiego - quiz na mapie - Statystyki

Ogólne statystyki
  • Ten quiz został rozwiązany 11 razy
  • Średni wynik to 12 z 17
Odpowiedzi na mapie
Odpowiedzi zakodowano w zielono-czerwonej skali na mapie do tego quizu, zgodnie z poniższymi procentami.
 
Statystyki odpowiedzi
Odpowiedź % Poprawnych
Biała Podlaska
100%
Terespol
100%
Drelów
91%
Janów Podlaski
91%
Międzyrzec Podlaski
91%
Kodeń
82%
Konstantynów
73%
Rossosz
73%
Łomazy
64%
Sławatycze
64%
Zalesie
64%
Leśna Podlaska
55%
Rokitno
55%
Sosnówka
55%
Tuczna
55%
Piszczac
45%
Wisznice
45%
Nie znaleziono quizów pasujących do podanych kryteriów
Rozkład punktacji
Procent ludzi z każdym wynikiem
Percentyl według liczby udzielonych odpowiedzi
Twoja historia wyników
Nie rozwiązałeś tego quizu